000 00845nam a2200289 a 4500
001 1647
003 CO-ViMGA
008 141112s2004 ck r 000 u spa d
040 _aCO-ViMGA
_bspa
_cCO-ViMGA
082 0 4 _a574.5 B324c
100 1 _aBecklake, John
_950113
245 1 0 _aContaminación /
_cBecklake John , Becklake Sue
260 _aZaragoza :
_bLuis Vives,
_c1990
300 _a36 p : il
490 _aTemas verdes
650 1 4 _aAGUA - CONTAMINACION
_950114
650 1 4 _aAIRE - CONTAMINACION
_950115
650 1 4 _aBASURAS - RECICLAJE
_950116
650 1 4 _aCONTAMINACION
650 1 4 _aECOLOGIA
_9445
650 1 4 _aEFECTO INVERNADERO
_950118
650 1 4 _aESPACIO - CONTAMINACION
_950119
650 1 4 _aLLUVIA ACIDA
650 1 4 _aSONIDO - CONTAMINACION
_950121
650 1 4 _aTIERRA - CONTAMINACION
_950122
942 _2ddc
_cBK
999 _c13824
_d13824